000 00324 a2200133 4500
005 20250629112220.0
020 _a978-1-4739-1952-5
082 _a658.82 BRO
100 _aBROWN, S
245 _aBrands and Branding
260 _aLos Angeles
_bSAGE
_c2016.
300 _axi, 282p.: ill.; figures
_bIndex
_c24cm
942 _2ddc
_cBKS
999 _c6285
_d6285